The skeleton and movement
| Main Author: | |
|---|---|
| Format: | Book |
| Published: |
London :
Franklin Watts ,
1988
|
| Series: | The human body
|
| Subjects: |
MARC
| LEADER | 00000cam a2200000 7i4500 | ||
|---|---|---|---|
| 001 | 0000005556 | ||
| 002 | 000006008 | ||
| 005 | 20060123.0 | ||
| 020 | |a 0863137075 | ||
| 090 | 0 | 0 | |a 611 |b HUM |
| 100 | 1 | |a Ward, Brian R | |
| 245 | 1 | 4 | |a The skeleton and movement |c Brian R Ward |
| 260 | |a London : |b Franklin Watts , |c 1988 | ||
| 300 | |a 48p : |b ill ; |c 27cm. | ||
| 490 | 0 | |a The human body | |
| 650 | 0 | 0 | |a Body, human |x Juvenile literature |
| 999 | |a 016262 |b BUKU |c JUNIOR BOOKS |e PERPUSTAKAAN KOMUNITI CAW KOTA DAMANSARA | ||